000 00605nam a2200181 i 4500
001 155670
003 ES-MaACL
005 20250716062624.0
008 040727s1873 fr a |||| | fre d
040 _aCAM
_bspa
_cCAM
100 1 _aHugo, Victor,
_d1802-1885
_964627
245 1 2 _aL'année terrible /
_cVictor Hugo; illustrations de Léopold Flameng.
260 _aParis :
_bMichel Lévy frères éditeurs,
_c1873 (
_fJ. Claye imprimeur)
300 _a427 p., [18] h. de lám. ;
_c24 cm.
700 1 _aFlameng, Léopold.
_9127091
852 _aES-MaACL
_jF-9195
_z-- Enc. tela
999 _c155670
_d155670